[Event "World Blitz Women 2023"]
[Site "Samarkand UZB"]
[Date "2023.12.30"]
[Round "14.6"]
[White "Injac, Teodora"]
[Black "Rudzinska, Michalina"]
[Result "1-0"]
[WhiteElo "2287"]
[BlackElo "2113"]
[EventDate "2023.12.29"]

1. Nf3 Nf6 2. c4 e6 3. g3 d5 4. Bg2 dxc4 5. Qa4+ Bd7 6. Qxc4 c5 7. Nc3 Bc6
8. e4 Be7 9. Qe2 O-O 10. O-O Nbd7 11. d4 Nb6 12. Rd1 Qc7 13. Bf4 Qc8 14.
Rac1 Rd8 15. h3 Be8 16. a3 Na4 17. Nb5 Bxb5 18. Qxb5 Qd7 19. Qe2 Rac8 20.
b3 Nb6 21. dxc5 Rxc5 22. Rxd7 Rxc1+ 23. Bxc1 Rxd7 24. Bb2 Bc5 25. b4 Be7
26. Ne5 Rc7 27. Kh2 h6 28. Bd4 Bd6 29. Bxb6 axb6 30. Nc4 Be7 31. e5 Nd5 32.
Bxd5 exd5 33. Nxb6 d4 34. Nd5 Rd7 35. Nxe7+ Rxe7 36. Qe4 Rd7 37. Qd3 Kf8
38. f4 Ke7 39. Kg2 Ke6 40. Kf3 g6 41. a4 Kd5 42. Qb5+ Ke6 43. Ke4 Rd8 44.
Qb6+ Ke7 45. Qxd8+ 1-0

[Event "World Blitz Women 2023"]
[Site "Samarkand UZB"]
[Date "2023.12.30"]
[Round "14.7"]
[White "Batsiashvili, Nino"]
[Black "Lu, Miaoyi"]
[Result "0-1"]
[WhiteElo "2233"]
[BlackElo "2284"]
[EventDate "2023.12.29"]

1. d4 Nf6 2. c4 e6 3. Nc3 Bb4 4. Nf3 b6 5. e3 Bb7 6. Bd3 O-O 7. O-O c5 8.
Bd2 cxd4 9. exd4 d5 10. cxd5 Nxd5 11. Nxd5 Bxd2 12. Nxb6 axb6 13. Nxd2 Qxd4
14. Nf3 Qxb2 15. Ng5 h6 16. Bh7+ Kh8 17. Bd3 Kg8 18. Bh7+ Kh8 19. Bd3 Qe5
20. Nf3 Qf6 21. Be2 Nc6 22. Qb3 Nd4 23. Nxd4 Qxd4 24. Rfd1 Qc5 25. Bf3 Bxf3
26. Qxf3 Ra3 27. Rd3 Rxd3 28. Qxd3 Rc8 29. h3 g6 30. Rb1 Ra8 31. Qd2 Kh7
32. Qb2 Ra6 33. Qf6 Qc7 34. Rb2 e5 35. Re2 Ra5 36. g3 Rd5 37. Kg2 Qb7 38.
Kh2 Rd1 39. f3 Rd5 40. h4 h5 41. Qg5 e4 42. Qe3 exf3 43. Qxf3 Qd7 44. Qe3
b5 45. a3 Rd3 46. Qe7 Qf5 47. Qe5 Qf3 48. Rg2 Rb3 49. Qc5 Rb1 50. Qd4 Qf1
51. g4 Qh1+ 52. Kg3 Rb3+ 53. Kf4 Qxg2 54. gxh5 Rf3+ 55. Ke5 Qe2+ 56. Kd6
Rd3 0-1

[Event "World Blitz Women 2023"]
[Site "Samarkand UZB"]
[Date "2023.12.30"]
[Round "14.8"]
[White "Voit, Daria"]
[Black "Tokhirjonova, Gulrukhbegim"]
[Result "1-0"]
[WhiteElo "2215"]
[BlackElo "2265"]
[EventDate "2023.12.29"]

1. d4 Nf6 2. c4 e6 3. Nf3 d5 4. g3 Be7 5. Bg2 O-O 6. O-O dxc4 7. Qc2 c6 8.
a4 a5 9. Na3 Na6 10. Nxc4 Nb4 11. Qb3 b5 12. Nce5 Ba6 13. Re1 bxa4 14. Qxa4
Bb5 15. Qd1 Qb6 16. Be3 Nfd5 17. Nd7 Nxe3 18. fxe3 Qc7 19. Nxf8 Rxf8 20.
Qd2 Rd8 21. Qc3 a4 22. e4 Qb6 23. e3 h6 24. Ne5 c5 25. Red1 Rc8 26. Kh1 Rc7
27. Nc4 cxd4 28. Qxb4 Qb8 29. Nd6 Bxd6 30. Qxd6 dxe3 1-0

[Event "World Blitz Women 2023"]
[Site "Samarkand UZB"]
[Date "2023.12.30"]
[Round "14.9"]
[White "Yu, Jennifer"]
[Black "Bivol, Alina"]
[Result "0-1"]
[WhiteElo "2197"]
[BlackElo "2250"]
[EventDate "2023.12.29"]

1. c4 e5 2. Nc3 Nc6 3. g3 Bc5 4. Bg2 a6 5. e3 d6 6. Nge2 Ba7 7. d4 h5 8. h3
h4 9. g4 f5 10. gxf5 Bxf5 11. d5 Nce7 12. Be4 Qd7 13. Qc2 Nf6 14. Bxf5 Qxf5
15. Qxf5 Nxf5 16. Rg1 Kf7 17. Bd2 b5 18. cxb5 axb5 19. Nxb5 Bb6 20. Nbc3
Ne7 21. e4 c6 22. dxc6 Nxc6 23. Nd5 Nxd5 24. exd5 Ne7 25. Nc3 Rhc8 26. Rg4
Nf5 27. f4 Bd4 28. fxe5 Bxe5 29. Ke2 g6 30. Kd3 Rc5 31. b4 Bxc3 32. Bxc3
Rxd5+ 33. Ke4 Rb5 34. a4 Re8+ 35. Kd3 Re3+ 36. Kc4 Rb8 37. Bd4 Rc8+ 38. Kb5
Rb3 39. a5 Rb8+ 40. Kc6 R3xb4 41. a6 Nxd4+ 42. Kc7 Ne6+ 43. Kxd6 R4b6+ 44.
Kd5 Rd8+ 45. Ke5 Rb5+ 46. Ke4 Rd4+ 47. Ke3 Rb3+ 48. Ke2 Rxg4 49. hxg4 Rb8
50. a7 Ra8 51. Kf3 Kf6 52. Ke4 Nc7 53. Kf4 g5+ 54. Ke4 Nb5 55. Ra6+ Kf7 56.
Kf5 Rxa7 57. Rb6 Nd4+ 58. Kxg5 h3 59. Rb2 Ra3 60. Kh4 Kf6 61. Rf2+ Ke5 62.
g5 Nf5+ 63. Kh5 Rg3 64. Rh2 Kf4 65. g6 Rg5# 0-1

[Event "World Blitz Women 2023"]
[Site "Samarkand UZB"]
[Date "2023.12.30"]
[Round "14.10"]
[White "Berend, Elvira"]
[Black "Matnadze Bujiashvili, Ann"]
[Result "1/2-1/2"]
[WhiteElo "2202"]
[BlackElo "2428"]
[EventDate "2023.12.29"]

1. d4 Nf6 2. Nf3 g6 3. g3 Bg7 4. Bg2 d5 5. O-O O-O 6. c3 b6 7. Bf4 Bb7 8.
Re1 Nbd7 9. a4 a5 10. Na3 Ne4 11. Nd2 f5 12. Nb5 e5 13. dxe5 Nxe5 14. Nf3
Qe7 15. Nxe5 Bxe5 16. Bxe5 Qxe5 17. Qd4 Qxd4 18. cxd4 c6 19. Nc3 Rad8 20.
e3 c5 21. dxc5 bxc5 22. Rec1 Rc8 23. Bxe4 fxe4 24. Rd1 Rfd8 25. Rac1 d4 26.
Nb1 Ba6 27. Rd2 Bd3 28. Na3 dxe3 29. fxe3 c4 30. Nxc4 Rc5 31. b3 Rb8 32.
Rc3 Rb4 33. Kf2 Bxc4 34. Rd4 Rxb3 35. Rcxc4 Rf5+ 36. Ke1 Rb1+ 37. Kd2 Rf2+
38. Kc3 Kg7 39. Rxe4 Rxh2 40. g4 h5 41. gxh5 Rxh5 42. Rg4 Kh6 43. Kd3 Rd1+
44. Ke2 Ra1 45. Rc6 Rg5 46. Rh4+ Rh5 47. Rg4 Ra2+ 48. Kd3 Ra3+ 49. Ke2 Rh2+
50. Kf3 Rh3+ 51. Kg2 Rhxe3 52. Rcxg6+ Kh7 53. Rg7+ Kh6 54. R7g6+ Kh7 55.
Rg7+ 1/2-1/2

[Event "World Blitz Women 2023"]
[Site "Samarkand UZB"]
[Date "2023.12.30"]
[Round "14.11"]
[White "Kazarian, Anna-Maja"]
[Black "Arabidze, Meri"]
[Result "0-1"]
[WhiteElo "2023"]
[BlackElo "2416"]
[EventDate "2023.12.29"]

1. e4 c5 2. Nf3 e6 3. d4 cxd4 4. Nxd4 Nc6 5. Nc3 Qc7 6. g3 a6 7. Bg2 d6 8.
O-O Bd7 9. a4 Nf6 10. Re1 Be7 11. b3 Nxd4 12. Qxd4 Rc8 13. Bb2 e5 14. Qd3
O-O 15. h3 b5 16. axb5 axb5 17. Re2 Qb7 18. Qe3 Ra8 19. Rxa8 Rxa8 20. g4 b4
21. Nd1 h6 22. f4 Qc7 23. g5 hxg5 24. fxg5 Nh5 25. h4 Nf4 26. Rd2 d5 27.
Qg3 d4 28. Bf3 g6 29. Kh2 Ra2 30. h5 gxh5 31. Rf2 Qd6 32. Be2 Nxe2 33. Rxe2
Bg4 34. Rd2 Bxd1 35. Bxd4 exd4 36. e5 Qg6 0-1

[Event "World Blitz Women 2023"]
[Site "Samarkand UZB"]
[Date "2023.12.30"]
[Round "14.12"]
[White "Krush, Irina"]
[Black "Getman, Tatyana"]
[Result "1-0"]
[WhiteElo "2359"]
[BlackElo "2014"]
[EventDate "2023.12.29"]

1. d4 Nf6 2. c4 e6 3. Nc3 Bb4 4. e3 O-O 5. Bd2 d5 6. Nf3 b6 7. cxd5 exd5 8.
Bd3 Bd6 9. Rc1 Bb7 10. Nb5 c5 11. Nxd6 Qxd6 12. dxc5 bxc5 13. O-O Nbd7 14.
Bc3 Rad8 15. h3 d4 16. exd4 Bxf3 17. Qxf3 cxd4 18. Ba5 Ne5 19. Qd1 Nxd3 20.
Qxd3 Rd7 21. Rfd1 Qd5 22. Bb4 Re8 23. b3 Ne4 24. Rc4 Qf5 25. Be1 Red8 26.
f3 Nd6 27. Rxd4 Qe6 28. Bb4 Nf5 29. Rxd7 Rxd7 30. Qxd7 Qe3+ 31. Kh1 Ng3+
32. Kh2 h5 33. Kxg3 Qe5+ 34. Kf2 Qb2+ 35. Qd2 1-0

[Event "World Blitz Women 2023"]
[Site "Samarkand UZB"]
[Date "2023.12.30"]
[Round "14.13"]
[White "Zhai, Mo"]
[Black "Bobomurodova, Maftuna"]
[Result "1-0"]
[WhiteElo "2342"]
[BlackElo "1814"]
[EventDate "2023.12.29"]

1. d4 Nf6 2. c4 e6 3. Nf3 b6 4. g3 Bb7 5. Bg2 Bb4+ 6. Bd2 Be7 7. Nc3 O-O 8.
Bf4 d6 9. O-O Nbd7 10. d5 e5 11. Bd2 a5 12. b3 Ne8 13. e4 g6 14. Ne1 Ng7
15. Nd3 Nc5 16. Nxc5 dxc5 17. Qe2 Bd6 18. f4 f6 19. Rae1 Qd7 20. h4 Rae8
21. f5 Bc8 22. g4 Qd8 23. Bh6 Bd7 24. Qd2 Be7 25. a4 Bd6 26. Kf2 Rf7 27.
Ke2 Bf8 28. Kd1 Ree7 29. Kc2 Ne8 30. Bxf8 Rxf8 31. Kb2 Nd6 32. Bh3 Rg7 33.
Rf2 g5 34. hxg5 Rxg5 35. Qd3 Nf7 36. Rd2 Rg7 37. Rh1 Qe7 38. Nd1 Qd6 39.
Ne3 Ng5 40. Bg2 Be8 41. Nf1 Rd7 42. Ng3 Rg7 43. Qe3 Re7 44. Rh6 Rg7 45. Rd1
Nf7 46. Rh4 Ng5 47. Rdh1 Qe7 48. Bf1 Qd7 49. Be2 Qe7 50. Nf1 Qd7 51. Nd2
Qe7 52. Nf3 Rff7 1-0

[Event "World Blitz Women 2023"]
[Site "Samarkand UZB"]
[Date "2023.12.30"]
[Round "14.14"]
[White "Shohradova, Leyla"]
[Black "Kovanova, Baira"]
[Result "0-1"]
[WhiteElo "1882"]
[BlackElo "2234"]
[EventDate "2023.12.29"]

1. d4 Nf6 2. c4 e6 3. Nf3 d5 4. g3 Bb4+ 5. Bd2 Be7 6. Qc2 O-O 7. Bg2 c6 8.
O-O b6 9. Nc3 Bb7 10. b3 Nbd7 11. Rac1 a5 12. Rfd1 Ba6 13. cxd5 cxd5 14.
Bg5 Rc8 15. Qb2 h6 16. Bxf6 Bxf6 17. e4 dxe4 18. Nxe4 Rxc1 19. Rxc1 Be7 20.
Rd1 Nf6 21. Ne5 Nd5 22. Nc6 Qd7 23. Nxe7+ Nxe7 24. Nc3 Bb7 25. Bxb7 Qxb7
26. Qe2 Rd8 27. Nb5 Nf5 28. Qd3 Qd5 29. Nc3 Qd7 30. d5 e5 31. Qe4 Re8 32.
Na4 Nd4 33. Nxb6 Qe7 34. Nc4 f5 35. Qe1 Nf3+ 0-1

[Event "World Blitz Women 2023"]
[Site "Samarkand UZB"]
[Date "2023.12.30"]
[Round "14.15"]
[White "Serikbay, Assel"]
[Black "Balajayeva, Khanim"]
[Result "0-1"]
[WhiteElo "2126"]
[BlackElo "2207"]
[EventDate "2023.12.29"]

1. e4 e5 2. Nf3 Nc6 3. Bb5 a6 4. Ba4 Nf6 5. d3 d6 6. O-O Be7 7. c3 O-O 8.
h3 b5 9. Bb3 Na5 10. Bc2 c5 11. Nbd2 Nc6 12. Re1 Be6 13. Nf1 Rc8 14. Ng3 h6
15. a4 Qd7 16. Kh2 Rfe8 17. b3 Bf8 18. Bb2 d5 19. exd5 Bxd5 20. d4 e4 21.
Nd2 cxd4 22. Ndxe4 Nxe4 23. Nxe4 dxc3 24. Bxc3 Nb4 25. Bxb4 Bxb4 26. Re3
Qc7+ 27. Rg3 Bxe4 28. Qg4 Bc3 29. Rc1 f5 30. Qg6 Bxc2 31. Rxc2 b4 32. Qxf5
Qf7 33. Qg4 Rcd8 34. f4 Rd2 35. Rc1 Rb2 36. Rd1 Rd2 37. Rf1 Bf6 38. Rff3
Rd1 39. Re3 Rxe3 40. Rxe3 Rd8 41. Re6 a5 42. Qe2 Bc3 43. Qe4 Rf8 44. g3 Rd8
45. Re7 Qf8 46. h4 Kh8 47. Kh3 Bf6 48. Re6 Rc8 49. f5 Qd8 50. h5 Qd7 51.
Kg4 Qd4 52. Qxd4 Bxd4 53. Ra6 Rc3 54. Rxa5 Rxb3 55. f6 Bxf6 56. Kf5 Rxg3
57. Ra8+ Kh7 58. a5 b3 59. a6 b2 60. Rb8 Ra3 61. a7 Rxa7 0-1

[Event "World Blitz Women 2023"]
[Site "Samarkand UZB"]
[Date "2023.12.30"]
[Round "14.16"]
[White "Poliakova, Varvara"]
[Black "Fataliyeva, Ulviyya"]
[Result "1/2-1/2"]
[WhiteElo "2049"]
[BlackElo "2268"]
[EventDate "2023.12.29"]

1. e4 e5 2. Nf3 Nc6 3. Bc4 Nf6 4. d3 Bc5 5. c3 d6 6. h3 O-O 7. Bb3 a5 8. a4
Be6 9. Nbd2 Bxb3 10. Qxb3 Qd7 11. O-O Rfe8 12. Re1 h6 13. Nc4 d5 14. Ncd2
dxe4 15. dxe4 Rab8 16. Nf1 Qd3 17. Ng3 Red8 18. Be3 Bxe3 19. Rxe3 Qd7 20.
Nf5 Nh5 21. g3 Kh7 22. Kh2 g6 23. N5h4 Ng7 24. Ree1 g5 25. Ng2 Qe6 26. Qxe6
Nxe6 27. Ne3 f6 28. Nd5 Kg7 29. Rad1 Kf7 30. Nd2 Rd7 31. Nc4 Rbd8 32. Nce3
h5 33. f3 Ne7 34. Kg2 c6 35. Nb6 Rxd1 36. Rxd1 Rxd1 37. Nxd1 Nc5 38. Kf2
Ke6 39. Ke3 Kd6 40. b4 axb4 41. cxb4 Na6 42. Nc4+ Kd7 43. b5 cxb5 44. axb5
Nc7 45. Nc3 Nc8 46. f4 exf4+ 47. gxf4 g4 48. hxg4 hxg4 49. Kf2 Nd6 50. Nb6+
Ke6 51. Kg3 f5 52. exf5+ Kxf5 53. Nbd5 Ncxb5 54. Ne3+ Kg6 55. Nxb5 Nxb5 56.
Kxg4 Nd4 57. f5+ Kf6 58. Kf4 Nxf5 59. Nxf5 1/2-1/2

[Event "World Blitz Women 2023"]
[Site "Samarkand UZB"]
[Date "2023.12.30"]
[Round "14.18"]
[White "Mamedjarova, Turkan"]
[Black "Franco Valencia, Angela"]
[Result "1-0"]
[WhiteElo "2175"]
[BlackElo "2048"]
[EventDate "2023.12.29"]

1. e4 e5 2. Nf3 Nc6 3. d4 exd4 4. Bc4 Nf6 5. e5 d5 6. Bb5 Ne4 7. Nxd4 Bd7
8. Bxc6 bxc6 9. O-O Bc5 10. c3 Bb6 11. Nd2 Nxd2 12. Bxd2 O-O 13. Qh5 c5 14.
Nf3 Qe7 15. Ng5 h6 16. Nf3 Qe6 17. h3 d4 18. Rfe1 Bc6 19. Nh4 Rae8 20. cxd4
cxd4 21. Bb4 d3 22. Rad1 Qd5 23. Bxf8 Rxf8 24. Qg4 Bd7 25. Qg3 g5 26. Rxd3
Qe6 27. Nf3 Bb5 28. Rdd1 Kh8 29. Nd4 Bxd4 30. Rxd4 Qxa2 31. Qc3 Qe6 32.
Qxc7 a6 33. Rd6 Qf5 34. Rxh6+ Kg7 35. Rf6 Rc8 36. Qxf7+ 1-0

[Event "World Blitz Women 2023"]
[Site "Samarkand UZB"]
[Date "2023.12.30"]
[Round "14.19"]
[White "Druzhinina, Olga"]
[Black "Ovod, Evgenija"]
[Result "0-1"]
[WhiteElo "2055"]
[BlackElo "2151"]
[EventDate "2023.12.29"]

1. e4 e5 2. d4 exd4 3. Qxd4 Nc6 4. Qc4 Nf6 5. Nc3 Bb4 6. Ne2 O-O 7. Bg5 h6
8. Bh4 a5 9. O-O-O Ne5 10. Qd4 Ng6 11. Bxf6 Qxf6 12. Qxf6 gxf6 13. Nd5 Bc5
14. Nxc7 Rb8 15. f3 b5 16. Nd5 Kg7 17. h4 d6 18. h5 Ne5 19. Nef4 f5 20. Nd3
fxe4 21. fxe4 Bg4 22. Re1 Nxd3+ 23. Bxd3 Bd4 24. c3 Be5 25. Ref1 b4 26. c4
a4 27. Rh4 Be6 28. Be2 b3 29. a3 Rfc8 30. Kb1 Rb7 31. Rf3 f5 32. Ne3 fxe4
33. Rxe4 Rf7 34. Rxf7+ Bxf7 35. g4 Bg8 36. Nf5+ Kf6 37. Bd3 Bh7 38. Re2 Kg5
39. Rg2 Rc5 40. Kc1 d5 41. Kd1 dxc4 42. Be4 c3 43. bxc3 Bxc3 44. Rf2 Be5
45. Rd2 Bf4 46. Rd8 Rc1+ 47. Ke2 Bxf5 48. Bxf5 Ra1 49. Rg8+ Kh4 50. Ra8
Rxa3 51. Kd3 b2+ 52. Kc2 Be5 53. Ra7 Ra1 54. Kd2 a3 55. Rb7 a2 56. Rb3 b1=Q
0-1

[Event "World Blitz Women 2023"]
[Site "Samarkand UZB"]
[Date "2023.12.30"]
[Round "14.20"]
[White "Beydullayeva, Govhar"]
[Black "Velpula, Sarayu"]
[Result "1-0"]
[WhiteElo "2132"]
[BlackElo "1747"]
[EventDate "2023.12.29"]

1. Nf3 Nf6 2. g3 g6 3. Bg2 Bg7 4. d4 c5 5. c4 O-O 6. Nc3 d6 7. O-O Nc6 8.
dxc5 dxc5 9. Bf4 Nh5 10. Be3 b6 11. Qc1 Bb7 12. Rd1 Qe8 13. Bh6 f6 14. Bxg7
Nxg7 15. Nd5 Rd8 16. Qc3 Nf5 17. e3 e6 18. Nxf6+ Rxf6 19. Qxf6 Rd7 20. Rxd7
Qxd7 21. Ng5 Ng7 22. Qc3 Ne8 23. a3 h6 24. Ne4 Qe7 25. Rd1 Nd8 26. Qd3 Nf7
27. f4 Bc6 28. Nc3 Bxg2 29. Qxg6+ Kf8 30. Kxg2 Nf6 31. Qd3 Kg7 32. h3 h5
33. Kf2 Nh6 34. Ne4 Nxe4+ 35. Qxe4 Qf6 1-0

[Event "World Blitz Women 2023"]
[Site "Samarkand UZB"]
[Date "2023.12.30"]
[Round "14.21"]
[White "Nurgali, Nazerke"]
[Black "Yakimova, Mariya"]
[Result "1-0"]
[WhiteElo "2068"]
[BlackElo "2098"]
[EventDate "2023.12.29"]

1. d4 Nf6 2. Nf3 g6 3. c4 Bg7 4. Nc3 O-O 5. e4 d6 6. Be2 e5 7. dxe5 dxe5 8.
Qxd8 Rxd8 9. Bg5 Re8 10. O-O-O Bg4 11. h3 Bxf3 12. Bxf3 Nc6 13. Nb5 Rac8
14. Bxf6 Bxf6 15. Bg4 Bg5+ 16. Kb1 Rcd8 17. Nxc7 Rd4 18. Nb5 Rxe4 19. Nd6
Rxg4 20. hxg4 Rb8 21. Ne4 Bd8 22. g5 Nd4 23. f4 Nc6 24. fxe5 Nxe5 25. b3
Ng4 26. Rd7 Ne5 27. Rd5 Ng4 28. Rhd1 Be7 29. Rd7 Kf8 30. Nf6 Nxf6 31. gxf6
Bxf6 32. Rc7 Be5 33. Rc5 Bf4 34. Rd7 a6 35. Rcd5 Kg7 36. Rd8 Rxd8 37. Rxd8
h5 38. Rd7 h4 39. Rxb7 g5 40. Rd7 g4 41. Rd4 h3 42. Rxf4 h2 43. Rxg4+ Kf6
44. Rh4 1-0

[Event "World Blitz Women 2023"]
[Site "Samarkand UZB"]
[Date "2023.12.30"]
[Round "14.22"]
[White "Zhu, Chen"]
[Black "Kurbonboeva, Sarvinoz"]
[Result "1-0"]
[WhiteElo "2379"]
[BlackElo "2054"]
[EventDate "2023.12.29"]

1. d4 f5 2. g3 Nf6 3. Bg2 e6 4. c4 d5 5. b3 c6 6. Nh3 Bd6 7. O-O Qe7 8. Bf4
e5 9. dxe5 Bxe5 10. Bxe5 Qxe5 11. Nd2 O-O 12. cxd5 cxd5 13. Nf3 Qe7 14. Nf4
Rd8 15. Nd4 Nc6 16. Rc1 Nxd4 17. Qxd4 Ne4 18. Nxd5 Qf7 19. Rc7 Rxd5 20.
Rxf7 Rxd4 21. Re7 Kf8 22. Rc7 Be6 23. Rxb7 Nc5 24. Rc7 Na6 25. Rc6 Bc8 26.
Rxa6 Bxa6 27. Bxa8 Bxe2 28. Re1 Bb5 29. a4 Bd7 30. Bf3 Rd3 31. Bd1 Kf7 32.
Bc2 Rc3 33. Rd1 Be6 34. Rd2 Bxb3 35. Bxb3+ Rxb3 36. Rd7+ Kf6 37. Rxa7 Rb1+
38. Kg2 Ra1 39. h4 h6 40. h5 Ra3 41. a5 Ra2 42. Kf3 Ra3+ 43. Ke2 Ra2+ 44.
Ke3 Ra3+ 45. Kd4 Ra2 46. a6 Rxf2 47. Rc7 Ra2 48. a7 g5 49. hxg6 Kxg6 50.
Kc5 h5 51. Kb6 h4 52. gxh4 Kh5 53. Rh7+ Kg4 54. Kb7 Rb2+ 55. Kc8 Rc2+ 56.
Kb8 Rb2+ 57. Rb7 Ra2 58. a8=Q Rxa8+ 59. Kxa8 Kxh4 60. Rf7 Kg4 61. Kb7 f4
62. Kc6 f3 63. Kd5 Kg3 64. Ke4 f2 65. Ke3 Kg2 66. Ke4 1-0

[Event "World Blitz Women 2023"]
[Site "Samarkand UZB"]
[Date "2023.12.30"]
[Round "14.23"]
[White "Guichard, Pauline"]
[Black "Hajiyeva, Laman"]
[Result "0-1"]
[WhiteElo "2281"]
[BlackElo "2076"]
[EventDate "2023.12.29"]

1. d4 d5 2. c4 c6 3. Nc3 Nf6 4. e3 e6 5. Nf3 Nbd7 6. Be2 dxc4 7. a4 Bb4 8.
Bxc4 O-O 9. O-O a5 10. Bd2 Qe7 11. Qb3 h6 12. Rfe1 e5 13. d5 Nc5 14. Qa2 e4
15. Nd4 cxd5 16. Bxd5 Nd3 17. Rf1 Bg4 18. h3 Bc8 19. Bc4 Ne5 20. Be2 Rd8
21. Rfd1 Bd7 22. Ncb5 Bc6 23. Bxb4 Qxb4 24. Nxc6 bxc6 25. Nd4 c5 26. Nf5 c4
27. Rac1 Rxd1+ 28. Rxd1 Nd3 29. Bxd3 exd3 30. b3 cxb3 31. Qb2 Rd8 32. Nd4
Qxa4 33. Rxd3 Rb8 34. Nxb3 Qb5 35. Qc2 a4 36. Nd2 Nd5 37. Rd4 a3 38. Nc4
Qb1+ 39. Qxb1 Rxb1+ 40. Kh2 a2 0-1

[Event "World Blitz Women 2023"]
[Site "Samarkand UZB"]
[Date "2023.12.30"]
[Round "14.24"]
[White "Allahverdiyeva, Ayan"]
[Black "Yakubbaeva, Nilufar"]
[Result "0-1"]
[WhiteElo "1852"]
[BlackElo "2237"]
[EventDate "2023.12.29"]

1. e4 c6 2. d4 d5 3. Nc3 dxe4 4. Nxe4 Nf6 5. Nxf6+ gxf6 6. c3 Bf5 7. Bd3
Bg6 8. Nf3 e6 9. Bf4 Bd6 10. Bxd6 Qxd6 11. Qc2 Nd7 12. O-O-O O-O-O 13. Kb1
Bxd3 14. Rxd3 f5 15. c4 Nf6 16. Ne5 Qc7 17. Rhd1 Rhg8 18. g3 Ne4 19. f3 Nf6
20. Qd2 Kb8 21. Qh6 Qe7 22. c5 Rd5 23. Nc4 Rgd8 24. Nd6 Ne8 25. Nxe8 Qxe8
26. Qxh7 Qe7 27. f4 Qf6 28. Kc2 Rh8 29. Qxh8+ Qxh8 30. R1d2 Qf6 31. h4 b6
32. b4 a5 33. a3 axb4 34. axb4 bxc5 35. bxc5 Qe7 36. Rb3+ Kc8 37. h5 Qa7
38. h6 Qa2+ 39. Kc3 Qa1+ 40. Rbb2 Qc1+ 41. Rbc2 Qa3+ 42. Kc4 Qa4+ 43. Kc3
Qa3+ 44. Kc4 Qxg3 45. h7 Qg7 46. Rd3 Qxh7 47. Rb2 Qg7 48. Rb4 Kd7 49. Rb7+
Ke8 50. Rb6 Ke7 51. Rxc6 Kf6 52. Rb6 Qg1 53. Rbb3 Qc1+ 54. Rbc3 Qxf4 55.
Rc2 Qc7 56. Kc3 Qc6 57. Rh2 Qa4 58. Rh6+ Ke7 59. Rhh3 Qa3+ 60. Kc4 Qa2+ 61.
Kc3 f4 62. Rhf3 e5 63. dxe5 Rxc5+ 64. Kd4 Qd5# 0-1

[Event "World Blitz Women 2023"]
[Site "Samarkand UZB"]
[Date "2023.12.30"]
[Round "14.25"]
[White "Soumya, Swaminathan"]
[Black "Zhunusbekova, Aimonchok"]
[Result "1-0"]
[WhiteElo "2154"]
[BlackElo "1448"]
[EventDate "2023.12.29"]

1. e4 e6 2. d4 d5 3. Nc3 Nf6 4. e5 Nfd7 5. f4 c5 6. Nf3 Nc6 7. Be3 a6 8. a3
b5 9. dxc5 Nxc5 10. b4 Nd7 11. Bd3 Nb6 12. Nd4 Bb7 13. Nxc6 Bxc6 14. Bd4
Nc4 15. Qg4 a5 16. Rb1 Nxa3 17. Rb3 axb4 18. Ne2 Nc4 19. f5 h5 20. Qh3 Bd7
21. Rf1 Qg5 22. Rf4 Be7 23. Qf3 Ra3 24. h4 Qh6 25. Ng3 Kd8 26. Rb1 Kc8 27.
Ne2 Rd8 28. Qg3 Kb8 29. Rd1 Ra2 30. Kf1 Nb2 31. Kg1 Kb7 32. Rb1 Nc4 33. Kh2
Nd2 34. Rd1 Nc4 35. Rb1 Rda8 36. fxe6 Bxe6 37. Rbf1 R2a3 38. Qf2 b3 39.
cxb3 Rxb3 40. Nc1 Rba3 41. Rxf7 Bxf7 42. Qxf7 Kc6 43. Qxe7 R3a7 44. Qc5+
Kb7 45. Rf7+ Kb8 46. Qf8# 1-0

[Event "World Blitz Women 2023"]
[Site "Samarkand UZB"]
[Date "2023.12.30"]
[Round "14.26"]
[White "Yan, Tianqi"]
[Black "Hamrakulova, Yulduz"]
[Result "1-0"]
[WhiteElo "2086"]
[BlackElo "1908"]
[EventDate "2023.12.29"]

1. e4 e5 2. Nf3 Nf6 3. d4 Nxe4 4. Bd3 d5 5. Nxe5 Nd7 6. Nxd7 Bxd7 7. O-O
Bd6 8. c4 c6 9. cxd5 cxd5 10. Nc3 Nxc3 11. bxc3 O-O 12. Qh5 g6 13. Qxd5 Qc7
14. g3 Be6 15. Qf3 Qxc3 16. Rb1 b6 17. Bb2 Qa5 18. d5 Bf5 19. Bxf5 gxf5 20.
Qxf5 f6 21. Qe6+ Kg7 22. Qxd6 Rf7 23. Qe6 Rd8 24. Bxf6+ 1-0

[Event "World Blitz Women 2023"]
[Site "Samarkand UZB"]
[Date "2023.12.30"]
[Round "14.27"]
[White "Shohradova, Lala"]
[Black "Ovezdurdyyeva, Jemal"]
[Result "0-1"]
[WhiteElo "1983"]
[BlackElo "2086"]
[EventDate "2023.12.29"]

1. d4 Nf6 2. c4 g6 3. Nc3 Bg7 4. g3 O-O 5. Bg2 d6 6. Nf3 Nc6 7. O-O e5 8.
d5 Nb8 9. e4 a5 10. a3 Na6 11. Bg5 h6 12. Be3 b6 13. b4 axb4 14. axb4 Bd7
15. Qb3 Ng4 16. Ra3 Nxe3 17. fxe3 Bc8 18. Rfa1 Bb7 19. Bf1 f5 20. Nd2 Qg5
21. Ne2 f4 22. Bg2 Qg4 23. Bf3 Qh3 24. Rf1 fxg3 25. Nxg3 h5 26. Qb2 h4 27.
Ne2 Bh6 28. Rf2 Qd7 29. Kh1 Kh7 30. Ng1 g5 31. h3 Qg7 32. Nf1 Rae8 33. Bg4
Rxf2 34. Qxf2 Nxb4 35. Bf5+ Kh8 36. Ra7 Bc8 37. Bxc8 Rxc8 38. Qf5 Rf8 39.
Qg4 Rxf1 40. Qc8+ Rf8 41. Qg4 Nd3 42. Qe2 Nf2+ 0-1

[Event "World Blitz Women 2023"]
[Site "Samarkand UZB"]
[Date "2023.12.30"]
[Round "14.28"]
[White "Nadirjanova, Nodira"]
[Black "Kaliakhmet, Elnaz"]
[Result "1-0"]
[WhiteElo "2164"]
[BlackElo "1839"]
[EventDate "2023.12.29"]

1. d4 Nf6 2. Nc3 d5 3. Bf4 c5 4. e3 a6 5. dxc5 Qa5 6. Be5 e6 7. Bxf6 gxf6
8. Qd4 Be7 9. b4 Qc7 10. Na4 Nd7 11. c3 Qc6 12. Nb2 Rg8 13. Nf3 f5 14. Qd2
Bf6 15. Nd4 Qc7 16. f4 b6 17. cxb6 Nxb6 18. Bd3 Bd7 19. O-O h5 20. a4 h4
21. h3 Rg3 22. Rf3 Rg6 23. a5 Nc4 24. Nxc4 dxc4 25. Bc2 Bc6 26. Nxc6 Qxc6
27. Ba4 Qxa4 28. Rxa4 Rd8 29. Qc2 Rd3 30. Ra3 Be7 31. Kh2 Bxb4 32. Qa4+ Kf8
33. Qxb4+ Kg7 34. Ra2 Rd1 35. Rff2 Rg3 36. Qxc4 Rc1 37. Qd4+ Kg6 38. c4 f6
39. c5 Kh5 40. Rac2 Rb1 41. c6 Rg8 42. Qxf6 Rbb8 43. c7 Rbc8 44. Qxe6 Rgf8
45. Qxc8 Rxc8 46. Rfd2 Kg6 47. Rd8 Rxc7 48. Rxc7 Kh5 49. Rh8+ Kg6 50. Rg8+
Kh6 51. Rf8 Kg6 52. Rc6+ Kg7 53. Rxf5 Kh7 54. Rd5 1-0

[Event "World Blitz Women 2023"]
[Site "Samarkand UZB"]
[Date "2023.12.30"]
[Round "14.29"]
[White "Tohirjonova, Hulkar"]
[Black "Zaksaite, Salomeja"]
[Result "0-1"]
[WhiteElo "2144"]
[BlackElo "2065"]
[EventDate "2023.12.29"]

1. e4 g6 2. d4 Bg7 3. Nc3 d6 4. Be3 c6 5. f3 Nd7 6. Qd2 e6 7. O-O-O h6 8.
h4 Ne7 9. g4 b5 10. Kb1 b4 11. Nce2 a5 12. f4 Qc7 13. f5 gxf5 14. gxf5 exf5
15. Bg2 Bb7 16. exf5 O-O-O 17. Ng3 Nf6 18. N1e2 Ned5 19. Nf4 Nxe3 20. Qxe3
Rhe8 21. Qd2 d5 22. Ngh5 Nxh5 23. Nxh5 Bf8 24. Nf6 Re7 25. Rhe1 Bg7 26. Nh5
Bf8 27. f6 Rxe1 28. Rxe1 a4 29. Ng7 a3 30. Qxh6 Qg3 31. Qd2 Qxh4 32. Qe2
Qxf6 33. Nh5 Qxd4 34. c3 bxc3 35. Ng3 cxb2 36. Bh3+ Kb8 37. Bf5 Bb4 38. Rd1
Qc3 39. Nh5 Bc5 40. Qh2+ Bd6 41. Qe2 Be5 42. Bc2 Ka7 43. Qf2+ d4 44. Qf5 d3
45. Bxd3 Ba6 46. Qxf7+ Ka8 47. Qf3 Bxd3+ 0-1